1282 1383 1763 1837 1943 1270 1001 1803 1677 1469 1133 1513 1649 1277 1032 1616 1899 1572 1420 1479 1265 1540 1010 1249 1072 1945 1673 1538 1407 1954 1380 1754 1567 1940 1735 1350 1167 1267 1233 1866 1236 1511 1267 1232 1864 1114 1754 1523 1194 1308 1883 1930 1549 1228 1714 1088 1904 1860 1649 1847 1276 1757 1830 1351 1744 1953 1318 1676 1078 1650 1998 1743 1337 1072 1694 1499 1880 1000 1536 1733 1011 1906 1567 1197 1485 1438 1586 1385 1784 1910 1377 1448 1664 1966 1800 1479 1383 1140 1965 BCNSPRNW ULIB Ver.6.0+V

เปลี่ยนเป็นภาษาไทย

Change to English
 แสดงรายละเอียดบรรณานุกรม
  กลับหน้าหลัก

Brief Record : Get Marc (ISO 2709) : E-mail record : QR code < ปิดหน้าต่าง
LEADER : 00000nam 2200000uu 4500
001    13399112380
003     ULIB
008    110627s2551||||th 000 0 tha d
020    9789748485427
090    นว.^bซ239จ 2551
100 0  ซิคล์
245 00 จี๊ดรักกยัยคุณหนูซุปเปอร์สตาร์/^cซิคล์
250    พิมพ์ครั้งที่ 1
260    กรุงเทพฯ :^b1168 พับลิชชิ่ง,^c2551
300    316 หน้า
710 1  1168 พับลิชชิ่ง
945    ^p199^l0^i024494
995    ทศพร
999 ^a ใช้งานได้ทุกระบบ
รายการนี้ยังไม่มีแท็ก
คุณยังไม่ได้ล็อกอิน คุณสามารถมีกิจกรรมร่วมกับเว็บไซต์ได้ แต่ต้องล็อกอินก่อน ::
  ล็อกอิน

รายการสื่อสารสนเทศ

ลำดับที่ ประเภท เลขเรียก/บาร์โค้ด สถานที่ สถานะ
- ไม่พบข้อมูล -

BibComment


ยังไม่เคยถูกคอมเมนท์

คอมเมนท์ทรัพยากรรายการนี้
  คอมเมนท์: จี๊ดรักกยัยคุณหนู..


 Copyright 2026. Bcnsprnw @Library